Bilecik Bilecik Bilecik Bilecik Bilecik

İşletme finansmanı/ (Record no. 65802)

MARC details
000 -BAŞLIK
Sabit Uzunluktaki Kontrol Alanı 01209nam a22004097a 4500
001 - KONTROL NUMARASI
Control Dosyası 0065467
003 - KONTROL NUMARASI KİMLİĞİ
Kontrol Alanı KOHA_MİRAKIL
005 - EN SON İŞLEM TARİHİ ve ZAMANI
Kontrol Alanı 20260207004602.0
007 - FİZİKSEL TANIM SABİT ALAN - GENEL BİLGİ
Sabit uzunluklu kontrol alanı ta
008 - SABİT UZUNLUKTAKİ VERİ ÖGELERİ - GENEL BİLGİ
Sabit Alan 200320b2006 tu |||gr||||#||||0|tur |
020 ## - ISBN - ULUSLARARASI STANDART KİTAP NUMARASI
Isbn 9789755918235
040 ## - KATALOGLAMA KAYNAĞI
Özgün Kataloglama Kurumu TR-BiSEU
Kataloglama Dili tur
Çeviri Kurumu TR-BiSEU
Açıklama Kuralları rda
041 0# - DİL KODU
Metin ya da ses kaydının dil kodu tur
044 ## - YAYINLAYAN/ÜRETEN KURULUŞUN ÜLKE KODU
ISO country code tu
050 ## - SINIFLAMA ve YER NUMARASI
Sınıflama Numarası HG4026
Yer Numarası .O35 2006
100 1# - KİŞİ ADI
Yazar Adı (Kişi adı) Okka, Osman.
245 1# - ESER ADI BİLDİRİMİ
Başlık İşletme finansmanı/
Sorumluluk Bildirimi Osman Okka ; Osman Okka.
264 #1 - ÜRERİM, YAYIN, DAĞITIM ve TELİF BİLDİRİMİ
Yayın yeri Ankara :
Yayınlayan Nobel
Yayın tarihi 2006
300 ## - FİZİKSEL TANIMLAMA
Sayfa, Cilt vb. XIV, 306 sayfa; 24 cm.
336 ## - İÇERİK TÜRÜ
Content type term metin
Content type code txt
Source rdacontent
337 ## - MEDYA TÜRÜ
Media type term aracısız
Media type code n
Source rdamedia
338 ## - TAŞIYICI TÜRÜ
Carrier type term cilt
Carrier type code nc
Source rdacarrier
490 1# - DİZİ BİLDİRİMİ
Dizi Bildirimi Nobel yayın no ;
Cilt Numarası 838.
490 1# - DİZİ BİLDİRİMİ
Dizi Bildirimi İktisadi ve İdari Bilimler ;
Cilt Numarası 109.
490 1# - DİZİ BİLDİRİMİ
Dizi Bildirimi Finans serisi ;
Cilt Numarası A4
500 ## - GENEL NOT
Genel Not Kaynakça var.
650 #0 - KONU BAŞLIĞI EK GİRİŞ - KONU TERİMİ
Konusal terim veya coğrafi ad Finans.
9 (RLIN) 6357
650 #0 - KONU BAŞLIĞI EK GİRİŞ - KONU TERİMİ
Konusal terim veya coğrafi ad İşletme.
9 (RLIN) 4544
650 #0 - KONU BAŞLIĞI EK GİRİŞ - KONU TERİMİ
Konusal terim veya coğrafi ad Şirketler--Finans.
9 (RLIN) 8837
650 #0 - KONU BAŞLIĞI EK GİRİŞ - KONU TERİMİ
Konusal terim veya coğrafi ad Corporations--Finance.
9 (RLIN) 3983
650 #0 - KONU BAŞLIĞI EK GİRİŞ - KONU TERİMİ
Konusal terim veya coğrafi ad İşletmeler--Finans.
9 (RLIN) 8295
650 #0 - KONU BAŞLIĞI EK GİRİŞ - KONU TERİMİ
Konusal terim veya coğrafi ad Şirketler--Maliye.
9 (RLIN) 3982
830 1# - SERİ EK GİRİŞİ - TEKBİÇİM ESER ADI
Tekbiçim Başlık Nobel yayın no ;
Volume number/sequential designation 838.
9 (RLIN) 1940
830 1# - SERİ EK GİRİŞİ - TEKBİÇİM ESER ADI
Tekbiçim Başlık İktisadi ve İdari Bilimler ;
Volume number/sequential designation 109.
9 (RLIN) 23195
830 1# - SERİ EK GİRİŞİ - TEKBİÇİM ESER ADI
Tekbiçim Başlık Finans serisi ;
Volume number/sequential designation A4
9 (RLIN) 95278
942 ## - EK GİRİŞ ÖGELERİ (KOHA)
Source of classification or shelving scheme Library of Congress Classification
Koha item type Book
Holdings
Materyal Türü Kalıcı Konum Mevcut Konum Sınıflandırma Kaynağı Edinim Bilgisi Ana Konular Alt Konular Yer Numarası Demirbaş Numarası Fatura Tarihi Geri Çekilme Durumu Kayıp Durumu Hasarlı Durumu Kredi için değil Kayıt Tarih Toplam Ödünçverme Son Görülme Tarihi Son Kontrol Tarihi Genel / Bağış Notu
Book BŞEÜ Bozüyük MYO Kütüphanesi BŞEÜ Bozüyük MYO Kütüphanesi Library of Congress Classification Bağış SOSYAL BİLİMLER Finans HG4026 .O35 2006 0065467 02/02/2026         20/03/2020   05/03/2025 05/03/2025 Genel Bağış